|
|
|
|
| LEADER |
00000nab a2200000uu 4500 |
| 001 |
vtls010908499 |
| 003 |
SK-MaSNL |
| 005 |
20260303105813.0 |
| 008 |
230121|2005 xo |||||||||||||||||slo| |
| 015 |
|
|
|a SNBRB
|
| 035 |
|
|
|a (urnnbn)urn:nbn:sk:snk:ar-a07yr6
|
| 035 |
|
|
|a (uuid)64e16ade-6f57-412d-92cd-b47b832ac065
|
| 035 |
|
|
|a urn:nbn:sk:snk-ab8ydk
|
| 040 |
|
|
|a SNKBUCL
|b slo
|c SNKBUCL
|e AACR2
|
| 041 |
0 |
|
|a slo
|
| 044 |
|
|
|a xo
|c SK
|
| 100 |
1 |
|
|a Hric, Branislav
|4 aut
|9 1121343
|
| 245 |
1 |
0 |
|a KOMPLEXNÁ PREVIERKA - SYSTÉMOVÝ PRVOK RIADENIA BOZP
|c Branislav Hric
|
| 773 |
0 |
|
|t Bezpečnosť práce : odborný časopis pre problematiku bezpečnosti a ochrany zdravia pri práci
|g Roč. 5, č. 11-12 (2005), s. 49-54
|
| 954 |
|
|
|a odborná, vedecká literatúra pôvodná (slovenská)
|2 lita
|
| 958 |
|
|
|a OND
|
| 958 |
|
|
|a EUIPO
|
| 958 |
|
|
|a article10
|
| 999 |
|
|
|c 1865567
|d 1867497
|